000 00292nam a2200121Ia 4500
008 240731s9999 xx 000 0 und d
022 _a1360-0605
245 0 _aSchool Organisation
260 _bRoutledge
856 _uhttps://www.tandfonline.com/loi/cslm19
942 _2ddc
942 _cTFEJ
999 _c79342
_d79342
945 _a1
_bMadushi Gamage
_c1
_dMadushi Gamage